000 00705nam a2200253 i 4500
001 C2-0291952
003 PPAK
005 20180728024126.0
008 081110s2007 nyua|||| ||||| | eng d
020 _a1400041759
040 _aPPAK
_beng
_cPPAK
_erda
082 0 4 _a709.2
_223
090 0 0 _a709.2
_bSTE
_dLCK
100 1 _aStevens, Mark,
_eauthor
245 1 0 _aDe Kooning :
_ban American master
264 1 _aNew York :
_bAlfred A. Knopf ,
_c2007
300 _axvii, 732 pages :
_billustrations ;
_c24 cm
336 _2rdacontent
_atext
337 _2rdamedia
_aunmediated
338 _2rdacarrier
_avolume
650 1 0 _aArtist - United States - Biography.
700 _eauthor
942 _ddc
_cB
999 _c96989
_d96989